| 000 | 00350nam a2200133Ia 4500 | ||
|---|---|---|---|
| 008 | 220216s9999 xx 000 0 und d | ||
| 100 | _aMullins L | ||
| 245 | 0 | _aAdvances in thermoplastic natural rubber | |
| 260 |
_bRubber Developments _c1978 |
||
| 300 | _a92-95 | ||
| 650 | _aNatural rubber | ||
| 650 | _aThermoplastic natural rubber | ||
| 942 | _cJS | ||
| 999 |
_c53887 _d53887 |
||